| 000 -ლიდერი |
| ფიქსირებული სიგრძის საკონტროლო ველი |
01928nam a2200301Ia 4500 |
| 001 - საკონტროლო ნომერი |
| საკონტროლო ველი |
20887 |
| 003 - საკონტროლო ნომრის იდენტიფიკატორი |
| საკონტროლო ველი |
GE_BSU |
| 005 - ბოლო ოპერაციის თარიღი და დრო |
| საკონტროლო ველი |
20210609182859.0 |
| 008 - ფიქსირებული სიგრძის მონაცემთა ელემენტები - ზოგადი ინფორმაცია |
| ფიქსირებული სიგრძის საკონტროლო ველი |
181216s ||||ge |||||||||||||| ||geo|| |
| 020 ## - წიგნის საერთაშორისო სტანდარტული ნომერი |
| International Standard Book Number |
9789941942808 |
| 040 ## - კატალოგიზაციის წყარო |
| Transcribing agency |
GE_BSU |
| 041 ## - ენის კოდი |
| Language code of text/sound track or separate title |
geo |
| 080 ## - უნივერსალური ათობითი კლასიფიკაციის ინდექსი |
| Universal Decimal Classification number |
340 +347 ო-72 |
| 100 ## - მთავარი ჩანაწერი - პიროვნების სახელი |
| Personal name |
ოსაკვე, კრისტოფერ |
| 9 (RLIN) |
12004 |
| 245 ## - ცნობა სათაურის შესახებ |
| Title |
ანგლო-ამერიკულ სამართალში მორალური ზიანის ცნება, კლასიფიკაცია და ანაზღაურება = Moralharm in Anglo-American law: concept,classification and compensation / |
| Statement of responsibility, etc |
კრისტოფერ ოსაკვე ; მთარგმნელი თამარ შოთაძე ; რედაქტორი ირმა გელაშვილი. |
| 264 ## - წარმოების, გამოცემის, დისტრიბუციის და სხვა ცნობები |
| გამოცემის, წარმოების, დისტრიბუციის... ადგილი |
თბილისი : |
| გამოცემის, წარმოების, დისტრიბუციის... სახელწოდება |
იურისტების სამყარო, |
| გამოცემის, წარმოების, დისტრიბუციის... თარიღი |
2015. |
| 300 ## - ფიზიკური აღწერა |
| Extent |
100 გვ. ; |
| Dimensions |
19 სმ. |
| 653 ## - INDEX TERM--UNCONTROLLED |
| Uncontrolled term |
ანგლო-ამერიკულ სამართალში მორალური ზიანის ცნება, კლასიფიკაცია და ანაზღაურება |
| 653 ## - INDEX TERM--UNCONTROLLED |
| Uncontrolled term |
ანგლო-ამერიკულ სამართალში მორალური ზიანის ცნება |
| 653 ## - INDEX TERM--UNCONTROLLED |
| Uncontrolled term |
კლასიფიკაცია და ანაზღაურება - 1 ნაწილი |
| 653 ## - INDEX TERM--UNCONTROLLED |
| Uncontrolled term |
მორალური ზიანის დიაგნოზი |
| 653 ## - INDEX TERM--UNCONTROLLED |
| Uncontrolled term |
ცნებათა ურთიერთკავშირი |
| 653 ## - INDEX TERM--UNCONTROLLED |
| Uncontrolled term |
სამართალი |
| 700 ## - ADDED ENTRY--PERSONAL NAME |
| Dates associated with a name |
შოთაძე, თამარ |
| Relator term |
მთარგმნელი |
| 9 (RLIN) |
8219 |
| 700 ## - ADDED ENTRY--PERSONAL NAME |
| Personal name |
გელაშვილი, ირმა |
| Relator term |
რედაქტორი |
| 9 (RLIN) |
5726 |
| 942 ## - ADDED ENTRY ELEMENTS (KOHA) |
| Koha item type |
წიგნი |
| Source of classification or shelving scheme |
|